000 00736nam a2200205Ia 4500
999 _c65609
_d65609
003 GCL
005 20240530110834.0
008 140319s1993 le c b 000 0dara d
040 _aGCL /
_cGCL
082 0 4 _a780.92/
_bم ل
100 1 _aمدبك، جورج
245 1 0 _aليزت:
_bفرانز ليست = Franz Liszt /
_cاعداد جورج مدبك
260 _aبيروت :
_bدار الراتب الجامعية،
_c1993.
300 _a69 ص. ؛
_c19 سم.
490 _aعالم الموسيقيين ؛
_v.4
504 _aيشتمل عل ارجاعات ببليوجرافية
650 0 7 _2qrmak
_aالموسيقيون الالمانيون
_vتراجم
650 0 7 _2qrmak
_aالموسيقيون
_vتراجم
942 _2ddc
_cBK